Dictamen de la Comisión técnica consultiva de la Secretaría de Educación Pública acerca de la educación sexual. (Record no. 56462)

MARC details
000 -LEADER
campo de control de longitud fija 00627nam a2200169 i 4500
001 - NÚMERO DE CONTROL
campo de control 56462
003 - IDENTIFICADOR DE NÚMERO DE CONTROL
campo de control ES-MaACL
005 - FECHA Y HORA DE LA ÚLTIMA TRANSACCIÓN
campo de control 20230906163356.0
007 - CAMPO FIJO DE DESCRIPCIÓN FÍSICA--INFORMACIÓN GENERAL
campo de control de longitud fija t|
008 - DATOS DE LONGITUD FIJA--INFORMACIÓN GENERAL
campo de control de longitud fija 031009s1933 mx ||||1| spa d
245 00 - MENCIÓN DEL TÍTULO
Título Dictamen de la Comisión técnica consultiva de la Secretaría de Educación Pública acerca de la educación sexual.
260 ## - PUBLICACIÓN, DISTRIBUCIÓN, ETC.
Lugar de publicación, distribución, etc. México :
Nombre del editor, distribuidor, etc. La Nación,
Fecha de publicación, distribución, etc. 1933.
300 ## - DESCRIPCIÓN FÍSICA
Extensión 18 p. ;
Dimensiones 22 cm.
500 ## - NOTA GENERAL
Nota general Precede al tít.: Secretaría de Educación Pública. Departamento de Enseñanza Primaria y Normal.
710 1# - ENTRADA AGREGADA--NOMBRE DE ENTIDAD CORPORATIVA
Nombre de entidad corporativa o nombre de jurisdicción como elemento de entrada México.
Unidad subordinada Secretaría de Educación Pública.
9 (RLIN) 5705
852 ## - LOCALIZACIÓN
Ubicación ES-MaACL
Número de control de estantería 1793-F-12
Holdings
Estatus retirado Estado de pérdida Estado de daño No para préstamo Colección Biblioteca de origen Biblioteca actual Ubicación en estantería Fecha de adquisición Fuente de adquisición Total de préstamos Signatura topográfica completa Código de barras Visto por última vez Precio de reemplazo Tipo de ítem Koha
        Colección de folletos Biblioteca del Ateneo de Madrid Biblioteca del Ateneo de Madrid Depósito folletos 17/01/2008     1793-F-12 1059300 23/02/2023 23/02/2023 Folleto